000 00601nam a2200229Ia 4500
003 OSt
005 20220924145654.0
006 a|||||r|||| 00| 0
007 ta
008 220923b |||||||| |||| 00| 0 tel d
024 _a329767
037 _cTextual
040 _aARTS
_cARTS
_btel
041 _2tel
_atel
082 _aO15,1A1:g(Y15), 35M1
100 _aRao Panduranga
_9220291
245 0 _aRamayanamlo shree patralu
260 _c1981
650 _aSANSKRIT LITERATURE
942 _hO15,1A1:g(Y15), 35M1
_cTEXL
_2CC
999 _c460801
_d460801